The Clues are in German #6 - Statistics

General Stats
  • This quiz has been taken 241 times
  • The average score is 10 of 17
Answer Stats
Hint Answer % Correct
Welches ist die größte Online-Enzyklopädie? Wikipedia
91%
Welches alkoholische Getränk wird hauptsächlich auf dem Oktoberfest genossen? Bier
85%
Welches Land nennt sich selbst Suomi? Finnland
81%
Südafrikanischer Präsident, der 27 Jahre in Gefangenschaft verbrachte Nelson Mandela
75%
Welches Monster zerstört regelmäßig Tokio? Godzilla
72%
Welches Nahrungsmittel ist im Vereinigten Königreich als "crisps" bekannt? Chips
71%
Welcher ägyptische Kanal verbindet das Mittelmeer mit dem Roten Meer? Sueskanal
71%
Wurde 2006 zum Zwergplaneten degradiert Pluto
58%
Welche Stadt ist für Filme mit Bruce Lee, Jackie Chan oder von John Woo bekannt? Hongkong
57%
Welcher Nachname wird von 40% der Vietnamesen getragen? Nguyen
57%
Wer ist der Sprecher von WikiLeaks? Julian Assange
54%
Kolonialname des australischen Bergs Uluru Ayers Rock
50%
Wie lautete Benito Mussolinis Titel während seiner Herrschaft über Italien? duce
41%
In welchem Film treten Mr. White, Mr. Blonde und Mr. Orange auf? Reservoir Dogs
38%
Wie heißt die Gruppe, deren Mitglieder Guy Fawkes-Masken tragen? Anonymous
35%
Wer war der erste Kaiser Chinas? Qin Shihuangdi
19%
Wer gewann mit seinen Brüdern Virgil und Morgan sowie Doc Holliday die Schießerei am O.K. Corral? Wyatt Earp
19%
No matching quizzes found
Score Distribution
Percent of People with Each Score
Percentile by Number Answered
Your Score History
You have not taken this quiz